| 000 | 00607nam a2200193 i 4500 | ||
|---|---|---|---|
| 001 | 63018 | ||
| 003 | ES-MaACL | ||
| 005 | 20230906164753.0 | ||
| 007 | t| | ||
| 008 | 031127s1982 sp ||||1| spa d | ||
| 100 | 1 |
_aFernández de Paz, Esther. _949703 |
|
| 245 | 1 | 4 |
_aLos talleres del bordado de las cofradías / _cEsther Fernández de Paz. |
| 260 |
_aMadrid : _bEd. Nacional, _c[1982] |
||
| 300 |
_a231 p., 32 lám. : _bil. ; _c22 cm. |
||
| 490 | 1 | _aArtes del tiempo y del espacio | |
| 830 | 0 |
_aArtes del tiempo y del espacio _9184250 |
|
| 852 |
_aES-MaACL _jL-1994 _bR.102024 |
||
| 999 |
_c63018 _d63018 |
||